| 000 | 00720cam a2200133 4500500 | ||
|---|---|---|---|
| 005 | 20251214002632.0 | ||
| 041 | _afre | ||
| 042 | _adc | ||
| 100 | 1 | 0 |
_aGrisard, Pierre _eauthor |
| 245 | 0 | 0 | _aExercices de grammaire espagnole : Avec corrigés et rappels de cours |
| 260 |
_bArmand Colin,
_c2011. |
||
| 520 | _aPierre Grisard est maître de conférences honoraire à l’université de Bourgogne. 1- Le syntagme nominal (I) 2- Le syntagme nominal (II) : les substituts (ou pronoms) 3- Le syntagme verbal 4- Les phrases complexes 5- Le système prépositionnel 6- Corrigés des exercices | ||
| 856 | 4 | 1 | _uhttps://shs.cairn.info/exercices-de-grammaire-espagnole--9782200256388?lang=fr&redirect-ssocas=7080 |
| 999 |
_c1567243 _d1567243 |
||